Normal view MARC view

Entry Personal Name

Number of records used in: 1

001 - CONTROL NUMBER

  • control field: 1065505

003 - CONTROL NUMBER IDENTIFIER

  • control field: OSt

005 - DATE AND TIME OF LATEST TRANSACTION

  • control field: 20260121170553.0

008 - FIXED-LENGTH DATA ELEMENTS

  • fixed length control field: 260121|| aca||aabn | a|a d

040 ## - CATALOGING SOURCE

  • Original cataloging agency: OSt
  • Transcribing agency: OSt

100 ## - HEADING--PERSONAL NAME

  • Personal name: Marit Hansen, Eleni Kosta, Igor Nai-Fovino, Simone Fischer-Hübner

670 ## - SOURCE DATA FOUND

  • Source citation: Work cat.: (OSt)1631235: Marit Hansen, Eleni Kosta, Igor Nai-Fovino, Simone Fischer-Hübner, Privacy and Identity Management. The Smart Revolution
Copyright @ Delhi University Library System